000 00272nam a2200133Ia 4500
100 _aGlizManenko/D
942 _cBK
654 _aWelding
245 _aGas Welding & Cutting
260 _bPeace publishers
_c2001
082 _a671.5
300 _a430
546 _aENGLISH
999 _c26977
_d26977